[Event "VI Open Settembre Vomero"]
[Site "Napoli ITA"]
[Date "2009.10.22"]
[Round "6"]
[White "Caporali, Dante"]
[Black "Accardo, Francesco"]
[Result "0-1"]
[WhiteElo "1571"]
[BlackElo "1869"]
[PlyCount "120"]
[EventDate "2009.09.10"]

1. d4 h6 2. c4 g5 3. Nc3 Bg7 4. e4 c5 5. d5 d6 6. g3 Nd7 7. Bg2 Ne5 8. Qe2 b5
9. Nxb5 f5 10. Nf3 Ng6 11. exf5 Bxf5 12. O-O Nf6 13. Nc3 O-O 14. h3 g4 15. hxg4
Bxg4 16. Qd3 Qe8 17. Be3 Nh5 18. Nh2 Ne5 19. Qc2 Bf5 20. Be4 Bh3 21. Bg2 Qd7
22. Qe2 Nf6 23. Rfe1 Bf5 24. Rad1 Rf7 25. Bf4 Ng6 26. Bc1 Raf8 27. Be4 Nxe4 28.
Nxe4 Kh7 29. Qh5 Bxe4 30. Rxe4 Rxf2 31. Re6 R8f6 32. Rde1 R2f5 33. Qh3 Ne5 34.
Rxf6 exf6 35. Rf1 Rxf1+ 36. Qxf1 f5 37. b3 Qf7 38. Kg2 Qg6 39. Bf4 Nf7 40. Qe2
Ng5 41. Nf3 Ne4 42. Nh4 Qf6 43. Nf3 Qg6 44. Nh4 Qf7 45. Nf3 Qf6 46. Nh4 Qf7 47.
Nf3 Bd4 48. Nxd4 cxd4 49. Qd3 Qf6 50. b4 a5 51. bxa5 Nc5 52. Qe2 d3 53. Qd2 Qd4
54. Kh2 Ne4 55. Qe3 Qxc4 56. Qa7+ Kg6 57. Qd7 Qxa2+ 58. Kh3 Nf6 59. Qxd6 Qe2
60. Qf8 Qf1+ 0-1

[Event "VI Open Settembre Vomero"]
[Site "Napoli ITA"]
[Date "2009.10.22"]
[Round "6"]
[White "Della Corte, Alessandro"]
[Black "Messina, Enrico"]
[Result "1-0"]
[WhiteElo "2210"]
[BlackElo "2119"]
[PlyCount "71"]
[EventDate "2009.09.10"]

1. d4 Nf6 2. c4 c5 3. d5 e5 4. Nc3 d6 5. e4 Be7 6. Nf3 Nbd7 7. Be2 Nf8 8. a3 a6
9. b4 b6 10. Rb1 h5 11. Qa4+ Bd7 12. Qb3 Ng6 13. h3 h4 14. bxc5 bxc5 15. Nh2
Nh5 16. Bg4 Nhf4 17. O-O O-O 18. Bd2 Bg5 19. Qc2 Bxg4 20. Nxg4 Qa5 21. Kh2 f6
22. Ne3 Rfb8 23. Nf5 Qd8 24. Be3 Ne7 25. Nxe7+ Qxe7 26. Qa4 Rxb1 27. Rxb1 Qc7
28. Qc6 Qxc6 29. dxc6 Rc8 30. Nd5 Kf7 31. Rb7+ Ke8 32. Bxf4 Bxf4+ 33. g3 hxg3+
34. fxg3 Bd2 35. Ne7 Rd8 36. c7 1-0

[Event "VI Open Settembre Vomero"]
[Site "Napoli ITA"]
[Date "2009.10.22"]
[Round "6"]
[White "Esposito, Rosario"]
[Black "Esposito, Pino"]
[Result "1/2-1/2"]
[WhiteElo "1858"]
[BlackElo "1815"]
[PlyCount "102"]
[EventDate "2009.09.10"]

1. d4 d5 2. c4 e6 3. Nc3 Nf6 4. Bg5 Nbd7 5. e3 Be7 6. Nf3 O-O 7. Qc2 h6 8. cxd5
exd5 9. h4 c6 10. Bf4 Qa5 11. Nd2 Re8 12. Be2 Nf8 13. O-O-O b5 14. Nb3 Qb6 15.
Rhg1 Ng6 16. g3 a5 17. h5 Nf8 18. g4 a4 19. Nd2 N6h7 20. Nf3 Ne6 21. Bd3 Nhg5
22. Bxg5 Nxg5 23. Nxg5 hxg5 24. f3 Bf6 25. Rde1 Qb8 26. Rh1 Kf8 27. h6 gxh6 28.
Rxh6 Bxd4 29. Nd1 Bd7 30. exd4 Qf4+ 31. Qd2 Qxd4 32. Reh1 Qe5 33. Rh8+ Kg7 34.
Rxe8 Rxe8 35. Qh2 Qxh2 36. Rxh2 d4 37. Re2 Be6 38. a3 Rh8 39. Kd2 Rb8 40. Re5
Kf6 41. Rc5 Bd5 42. Nf2 Ke5 43. Be4 f6 44. Nd3+ Kd6 45. Rc1 Bc4 46. Nb4 c5 47.
Nc6 Rh8 48. Na5 Rh2+ 49. Kd1 Be2+ 50. Ke1 Rh1+ 51. Kd2 Rh2 1/2-1/2

[Event "VI Open Settembre Vomero"]
[Site "Napoli ITA"]
[Date "2009.10.22"]
[Round "6"]
[White "Gallina, Giacomo"]
[Black "Di Gennaro, Antonio"]
[Result "1/2-1/2"]
[WhiteElo "1810"]
[BlackElo "1700"]
[PlyCount "76"]
[EventDate "2009.09.10"]

1. e4 c5 2. Nc3 Nc6 3. f4 g6 4. Bc4 e6 5. Nf3 Bg7 6. d3 Nge7 7. Bb3 d5 8. O-O
O-O 9. a3 Bxc3 10. bxc3 dxe4 11. dxe4 Na5 12. Qe1 Nec6 13. Qg3 Qf6 14. Bb2 c4
15. Ba2 b5 16. Nd4 a6 17. a4 Rb8 18. Ba3 Nxd4 19. cxd4 Qxd4+ 20. Kh1 Re8 21.
Rae1 b4 22. Bc1 Qa1 23. Bxc4 Nxc4 24. f5 Bd7 25. Bf4 Qg7 26. Bxb8 Bxa4 27. Rf2
exf5 28. Rfe2 fxe4 29. Rxe4 Rxe4 30. Rxe4 Qf6 31. h4 Bxc2 32. Re8+ Kg7 33. Rc8
Qe6 34. Rc7 b3 35. Qc3+ Qf6 36. Qxc4 b2 37. Rxf7+ Qxf7 38. Be5+ Kg8 1/2-1/2

[Event "VI Open Settembre Vomero"]
[Site "Napoli ITA"]
[Date "2009.10.22"]
[Round "6"]
[White "Gallo, Thomas Renato"]
[Black "De Meo, Guido"]
[Result "1-0"]
[WhiteElo "1884"]
[BlackElo "1911"]
[PlyCount "33"]
[EventDate "2009.09.10"]

1. d4 d5 2. Nf3 Nf6 3. Bg5 Ne4 4. Bh4 c5 5. Nbd2 Qa5 6. c3 Nxd2 7. Qxd2 Bf5 8.
dxc5 Qxc5 9. b4 Qd6 10. Bg3 Qd7 11. Ne5 Qd8 12. e4 Bd7 13. Qxd5 e6 14. Qxb7 Qc8
15. Qxc8+ Bxc8 16. Bb5+ Ke7 17. Nc6+ 1-0

[Event "VI Open Settembre Vomero"]
[Site "Napoli ITA"]
[Date "2009.10.22"]
[Round "6"]
[White "Longobardi, Giuseppe"]
[Black "De Rosa, Mariagrazia"]
[Result "1-0"]
[WhiteElo "1985"]
[BlackElo "2101"]
[PlyCount "93"]
[EventDate "2009.09.10"]

1. d4 Nf6 2. c4 c5 3. Nf3 cxd4 4. Nxd4 Nc6 5. Nc3 g6 6. g3 Bg7 7. Bg2 O-O 8.
O-O a6 9. Rb1 Qc7 10. h3 d6 11. Be3 Nxd4 12. Qxd4 Be6 13. c5 Ng4 14. cxd6 Bxd4
15. dxc7 Nxe3 16. fxe3 Bxe3+ 17. Kh2 Ra7 18. Nd5 Bxd5 19. Bxd5 e6 20. Bxe6 Raa8
21. c8=Q Raxc8 22. Bxc8 Rxc8 23. Rf3 Bh6 24. Rc3 Re8 25. Rc2 Be3 26. Kg2 h5 27.
Rd1 Re5 28. Rd3 Kg7 29. Rc7 b6 30. Rc2 Bc5 31. g4 h4 32. Kf3 Kf6 33. e4 Kg5 34.
Rd5 Rxd5 35. exd5 f5 36. gxf5 gxf5 37. Re2 Kf6 38. Re6+ Kf7 39. Kf4 Bd4 40. b3
a5 41. a4 Bc5 42. Kxf5 Bb4 43. d6 Bc5 44. d7 Be7 45. Rxb6 Bd8 46. Re6 Bc7 47.
Re8 1-0

[Event "VI Open Settembre Vomero"]
[Site "Napoli ITA"]
[Date "2009.10.22"]
[Round "6"]
[White "Rosato, Luciano"]
[Black "D'Orta, Antonio"]
[Result "1-0"]
[WhiteElo "2275"]
[BlackElo "1920"]
[PlyCount "73"]
[EventDate "2009.09.10"]

1. d4 Nc6 2. Nf3 d5 3. c4 Nf6 4. cxd5 Nxd5 5. e4 Nf6 6. Nc3 Bg4 7. Be3 e6 8. a3
Be7 9. Qd2 O-O 10. Bc4 a6 11. Ba2 b5 12. e5 Nd5 13. Nxd5 exd5 14. Rc1 Nb8 15.
Bb1 Bh5 16. Bf5 Bg6 17. g4 Nd7 18. h4 Nb6 19. h5 Bxf5 20. gxf5 Nc4 21. Qc2 Re8
22. Ke2 c5 23. Rcg1 Rc8 24. h6 Nxe3 25. Rxg7+ Kh8 26. fxe3 cxd4 27. Qd3 Bf6 28.
Rxf7 Rg8 29. exf6 Rg2+ 30. Kf1 Rcc2 31. Rg1 Rgf2+ 32. Ke1 Qc8 33. Rgg7 Rce2+
34. Kd1 Rxb2 35. Rxh7+ Kg8 36. Rfg7+ Kf8 37. Rh8# 1-0

[Event "VI Open Settembre Vomero"]
[Site "Napoli ITA"]
[Date "2009.10.22"]
[Round "6"]
[White "Solombrino, Giovanni"]
[Black "Caiazzo, Diego"]
[Result "1-0"]
[WhiteElo "1918"]
[BlackElo "1883"]
[PlyCount "67"]
[EventDate "2009.09.10"]

1. e4 d5 2. exd5 Qxd5 3. Nc3 Qa5 4. d4 c6 5. Bd2 Qc7 6. Nf3 Nf6 7. Ne5 Nbd7 8.
Bf4 Qa5 9. Nc4 Qd8 10. d5 cxd5 11. Nxd5 Nxd5 12. Qxd5 e6 13. Nd6+ Bxd6 14. Qxd6
Qe7 15. O-O-O Qxd6 16. Bxd6 a6 17. g3 f6 18. Bc4 Kf7 19. Rhe1 Nf8 20. f4 g6 21.
g4 f5 22. Be5 Rg8 23. g5 Bd7 24. Bf6 Re8 25. Rd6 Bc8 26. a4 h6 27. h4 h5 28. b4
Bd7 29. b5 a5 30. Bb3 Bc8 31. Bd8 Kg7 32. Bxa5 Nd7 33. Rdxe6 Rxe6 34. Rxe6 1-0

[Event "VII C.to del Mediterraneo"]
[Site "Fiume CRO"]
[Date "2009.09.11"]
[Round "1"]
[White "Bodiroga, Predrag"]
[Black "Tonel, Giulia"]
[Result "1-0"]
[WhiteElo "2410"]
[BlackElo "1992"]
[PlyCount "45"]
[EventDate "2009.09.11"]

1. d4 c5 2. d5 f5 3. g3 Nf6 4. Bg2 g6 5. Nf3 Bg7 6. O-O O-O 7. Nc3 d6 8. Re1
Na6 9. e4 fxe4 10. Ng5 Nc7 11. Ngxe4 b5 12. Bf4 Rb8 13. Qd2 Bb7 14. Bh6 Nfxd5
15. Bxg7 Kxg7 16. Rad1 Nf6 17. Nxf6 Rxf6 18. Bxb7 Rxb7 19. Ne4 Rf5 20. Nxc5 Rb8
21. Nb3 Qd7 22. Qd4+ Rf6 23. Nc5 1-0

[Event "VII C.to del Mediterraneo"]
[Site "Fiume CRO"]
[Date "2009.09.11"]
[Round "1"]
[White "Chierici, Marianna"]
[Black "Rombaldoni, Denis"]
[Result "0-1"]
[WhiteElo "2053"]
[BlackElo "2469"]
[PlyCount "99"]
[EventDate "2009.09.11"]

1. Nf3 Nf6 2. g3 d5 3. Bg2 Bf5 4. O-O Nbd7 5. d3 e5 6. Nbd2 Bc5 7. Qe1 h6 8. c4
e4 9. Nh4 Bh7 10. cxd5 g5 11. Nxe4 Nxe4 12. dxe4 gxh4 13. Qc3 Qf6 14. Qxf6 Nxf6
15. e5 Ng4 16. Bf4 hxg3 17. Bxg3 Bd4 18. Rac1 Bxb2 19. Rxc7 Bxe5 20. Bxe5 Nxe5
21. d6 O-O 22. f4 Ng4 23. Bxb7 Rad8 24. Rd1 Kh8 25. e4 Rg8 26. Rd4 f5 27. Bd5
Rg6 28. Bf7 Rgxd6 29. Rxd6 Rxd6 30. e5 Rd1+ 31. Kg2 Rd8 32. h3 Ne3+ 33. Kf3 Nd5
34. Rxa7 Bg8 35. e6 Nf6 36. a4 Rd6 37. Ra5 Rd5 38. Ra6 Kg7 39. a5 Bxf7 40. Ra7
Kg6 41. exf7 Kg7 42. a6 Rd3+ 43. Ke2 Ra3 44. Kd2 Ne4+ 45. Kc2 Nc5 46. Ra8 Kxf7
47. a7 Ne6 48. h4 Nc7 49. Rh8 Kg7 50. Kb2 0-1

[Event "VII C.to del Mediterraneo"]
[Site "Fiume CRO"]
[Date "2009.09.12"]
[Round "2"]
[White "Monjac, Mislav"]
[Black "Chierici, Marianna"]
[Result "0-1"]
[WhiteElo "1840"]
[BlackElo "2053"]
[PlyCount "44"]
[EventDate "2009.09.11"]

1. e4 c5 2. d4 cxd4 3. c3 Qa5 4. Qxd4 Nc6 5. Qd5 Qc7 6. Bd3 d6 7. Nf3 e5 8. Qb3
Be6 9. Qc2 Be7 10. Be3 Nf6 11. Nbd2 O-O 12. O-O Rac8 13. Rac1 Ng4 14. Bg5 Qd8
15. Bxe7 Qxe7 16. Qb1 g6 17. Nb3 f5 18. h3 fxe4 19. Bxe4 Nf6 20. Bc2 Nh5 21.
Kh2 Rxf3 22. gxf3 Qh4 0-1

[Event "VII C.to del Mediterraneo"]
[Site "Fiume CRO"]
[Date "2009.09.12"]
[Round "2"]
[White "Rombaldoni, Denis"]
[Black "Makropoulou, Marina"]
[Result "1-0"]
[WhiteElo "2469"]
[BlackElo "2288"]
[PlyCount "131"]
[EventDate "2009.09.11"]

1. d4 Nf6 2. c4 g6 3. Nf3 Bg7 4. g3 d6 5. Bg2 O-O 6. O-O Nc6 7. Nc3 a6 8. Qd3
Bd7 9. d5 Nb4 10. Qb1 a5 11. e4 c6 12. Be3 cxd5 13. cxd5 Rc8 14. Rc1 Ng4 15.
Bd2 Qb6 16. Be1 f5 17. a3 fxe4 18. axb4 exf3 19. bxa5 Qd4 20. Bf1 Qe5 21. h3
Nh6 22. Bd2 Qh5 23. h4 Nf5 24. Qe4 Nd4 25. Ra3 Be5 26. Qe3 Rf4 27. Bd3 Rxh4 28.
gxh4 Qg4+ 29. Kf1 Qg2+ 30. Ke1 Qg1+ 31. Bf1 Bh3 32. Kd1 Bxf1 33. Be1 Be2+ 34.
Kd2 Qg4 35. Nxe2 Rxc1 36. Kxc1 fxe2 37. f3 Qf5 38. Qe4 Qc8+ 39. Kb1 Qh3 40. Qe3
Qf5+ 41. Qd3 Qh3 42. Qe3 Qf5+ 43. Rd3 Bf6 44. f4 Qxd5 45. Qxe2 Qf5 46. Qd1 Qxf4
47. Bc3 Nc6 48. Bxf6 Qxf6 49. Qb3+ Kg7 50. Rf3 Nxa5 51. Qd5 Qe5 52. Rf7+ Kh6
53. Qd2+ Kh5 54. Rxh7+ Kg4 55. Qg2+ Qg3 56. Qe4+ Kh3 57. h5 g5 58. Rf7 Qg1+ 59.
Ka2 g4 60. h6 Nc6 61. h7 Qa7+ 62. Kb1 Qg1+ 63. Kc2 Qc5+ 64. Kd2 Qa5+ 65. Ke2
Qa8 66. h8=Q+ 1-0

[Event "VII C.to del Mediterraneo"]
[Site "Fiume CRO"]
[Date "2009.09.12"]
[Round "2"]
[White "Tonel, Giulia"]
[Black "Esen, Baris"]
[Result "0-1"]
[WhiteElo "1992"]
[BlackElo "2494"]
[PlyCount "88"]
[EventDate "2009.09.11"]

1. e4 c5 2. Nf3 d6 3. d4 cxd4 4. Qxd4 Nd7 5. Bc4 Ngf6 6. Nc3 a6 7. O-O e6 8.
Bg5 Be7 9. Rad1 Qc7 10. Rfe1 O-O 11. Bd3 h6 12. Bc1 b5 13. Ne2 Bb7 14. Ng3 Qc5
15. c3 Rac8 16. Bb1 Rfd8 17. h3 Qc7 18. Qe3 Nb6 19. Nd4 Bf8 20. Qe2 Qc4 21. Qf3
Nbd7 22. Re3 Ne5 23. Qe2 Qxe2 24. Rxe2 Nc4 25. b3 Nb6 26. Bb2 Nfd7 27. f3 g6
28. Red2 h5 29. Kh2 Bh6 30. Rc2 d5 31. Nde2 h4 32. Nf1 dxe4 33. f4 Nd5 34. Bc1
Nc5 35. Rcd2 Re8 36. b4 Na4 37. Bxe4 Naxc3 38. Bxd5 Bxd5 39. Nxc3 Bxf4+ 40. Kg1
Rxc3 41. Rxd5 Rxc1 42. Rxc1 Bxc1 43. Rd6 Ba3 44. Rd4 a5 0-1

[Event "VII C.to del Mediterraneo"]
[Site "Fiume CRO"]
[Date "2009.09.12"]
[Round "3"]
[White "Adly, Ahmed"]
[Black "Rombaldoni, Denis"]
[Result "1-0"]
[WhiteElo "2554"]
[BlackElo "2469"]
[PlyCount "77"]
[EventDate "2009.09.11"]

1. Nf3 Nf6 2. c4 c6 3. d4 d5 4. Nc3 a6 5. e3 b5 6. b3 Bg4 7. Be2 e6 8. h3 Bh5
9. O-O Nbd7 10. Bb2 Bd6 11. Ne5 Bxe2 12. Nxe2 bxc4 13. bxc4 O-O 14. Qc2 Qc7 15.
Nd3 Rfc8 16. c5 Be7 17. Rfb1 Rcb8 18. Bc3 Ne4 19. Be1 e5 20. f3 exd4 21. exd4
Ng5 22. Bg3 Rxb1+ 23. Rxb1 Qc8 24. Bd6 Bf6 25. Ne5 Ne6 26. f4 a5 27. Nf3 Qa6
28. Qd2 Re8 29. Ng3 Qc4 30. Rd1 g6 31. f5 Ng7 32. Qxa5 Nxf5 33. Nxf5 Qc2 34.
Nh6+ Kg7 35. Re1 Rxe1+ 36. Qxe1 Kxh6 37. Qe8 Qf5 38. a4 Qe6 39. Qxe6 1-0

[Event "VII C.to del Mediterraneo"]
[Site "Fiume CRO"]
[Date "2009.09.12"]
[Round "3"]
[White "Codenotti, Marco"]
[Black "Nikcevic, Nebojsa"]
[Result "1-0"]
[WhiteElo "2122"]
[BlackElo "2374"]
[PlyCount "83"]
[EventDate "2009.09.11"]

1. e4 c5 2. Nf3 g6 3. d4 Bg7 4. dxc5 Qa5+ 5. c3 Qxc5 6. Na3 Qa5 7. Nc4 Qc7 8.
Be3 Nc6 9. Nd4 Nf6 10. Nb5 Qb8 11. e5 Nxe5 12. Nb6 axb6 13. Bxb6 Ra6 14. Bc7
Re6 15. Be2 Nf3+ 16. gxf3 Qa8 17. Bd6 O-O 18. Nc7 Qa5 19. Nxe6 fxe6 20. Bxe7
Rf7 21. Bb4 Qg5 22. Qd2 Qh5 23. Qd6 Nd5 24. Qb8 Nxb4 25. cxb4 Bxb2 26. Rb1 Bc3+
27. Kf1 Rf8 28. Rc1 Qe5 29. Qxe5 Bxe5 30. Kg2 d5 31. Bb5 Bd4 32. Rhd1 e5 33.
Rc7 Bb6 34. Re7 e4 35. Rxd5 exf3+ 36. Kg1 Bf5 37. Rde5 Bd4 38. Bc4+ Kh8 39. Re8
Bxe5 40. Rxf8+ Kg7 41. Rf7+ Kh6 42. Rxb7 1-0

[Event "VII C.to del Mediterraneo"]
[Site "Fiume CRO"]
[Date "2009.09.13"]
[Round "4"]
[White "Chierici, Marianna"]
[Black "Krsnik Cohar, Ivan Vihor"]
[Result "1-0"]
[WhiteElo "2053"]
[BlackElo "1737"]
[PlyCount "49"]
[EventDate "2009.09.11"]

1. e4 d5 2. exd5 Qxd5 3. c4 Qd8 4. Nf3 Nf6 5. d4 Bg4 6. Be2 e6 7. O-O Be7 8.
Be3 O-O 9. Nc3 c6 10. Ne5 Bxe2 11. Qxe2 Nbd7 12. f4 Qc7 13. Rf3 Nxe5 14. fxe5
Nd7 15. Rg3 Rfd8 16. Qg4 Bf8 17. c5 b6 18. b4 a5 19. Ne4 axb4 20. Ng5 h6 21.
Nxf7 Kxf7 22. Rf1+ Kg8 23. Qxe6+ Kh8 24. Bxh6 Re8 25. Bxg7+ 1-0

[Event "VII C.to del Mediterraneo"]
[Site "Fiume CRO"]
[Date "2009.09.13"]
[Round "4"]
[White "Le Roux, Jean-Pierre"]
[Black "Codenotti, Marco"]
[Result "1-0"]
[WhiteElo "2474"]
[BlackElo "2122"]
[PlyCount "45"]
[EventDate "2009.09.11"]

1. e4 c5 2. Nf3 Nc6 3. Bb5 g6 4. c3 Bg7 5. d4 cxd4 6. cxd4 Qb6 7. Nc3 d6 8. O-O
Bg4 9. Be3 a6 10. Ba4 Qc7 11. Rc1 b5 12. Nxb5 axb5 13. Bxb5 Bd7 14. Bxc6 Bxc6
15. d5 Nf6 16. Rxc6 Qd7 17. Qc2 O-O 18. a3 Ng4 19. Bd4 Bxd4 20. Nxd4 Ne5 21.
Rc3 Qa4 22. Qd2 Nc4 23. Qh6 1-0

[Event "VII C.to del Mediterraneo"]
[Site "Fiume CRO"]
[Date "2009.09.13"]
[Round "4"]
[White "Pettersson, Alexander"]
[Black "Tonel, Giulia"]
[Result "1-0"]
[WhiteElo "1911"]
[BlackElo "1992"]
[PlyCount "129"]
[EventDate "2009.09.11"]

1. d4 Nf6 2. Nf3 g6 3. Nc3 Bg7 4. e4 d6 5. Be3 O-O 6. Qd2 Nbd7 7. Bh6 e5 8.
O-O-O Re8 9. Bxg7 Kxg7 10. dxe5 dxe5 11. Bc4 c6 12. Ng5 Rf8 13. Bxf7 Qa5 14.
Bb3 Nc5 15. Qd6 Nxb3+ 16. cxb3 Re8 17. b4 Qb6 18. Qc5 h6 19. Qxb6 axb6 20. Nf3
Bg4 21. Rd3 Re7 22. Rhd1 Nh5 23. h3 Bxf3 24. Rxf3 Nf4 25. Rg3 Rf8 26. Rd2 Ne6
27. f3 Nf4 28. h4 Rff7 29. Ne2 Ne6 30. Rd6 Rf8 31. a3 Kf7 32. Rh3 Rd8 33. Rxd8
Nxd8 34. Rh1 Rd7 35. Rd1 Rxd1+ 36. Kxd1 Ne6 37. Kd2 Kf6 38. Ke3 b5 39. g3 b6
40. b3 Nc7 41. Nc1 c5 42. bxc5 bxc5 43. a4 c4 44. a5 cxb3 45. Nxb3 Na6 46. f4
h5 47. Kd3 Ke6 48. Kc3 Kd6 49. Kd3 Ke6 50. Kc3 Kd6 51. fxe5+ Kxe5 52. Kd3 Nb4+
53. Ke3 Nc2+ 54. Kf3 Nb4 55. Nc5 Kd4 56. a6 Nc6 57. Nb3+ Ke5 58. Na5 Na7 59.
Ke3 Kd6 60. Kd4 Kc7 61. Kc5 b4 62. e5 Nc8 63. Kxb4 Kb6 64. Nc4+ Kxa6 65. Kc5
1-0

[Event "VII C.to del Mediterraneo"]
[Site "Fiume CRO"]
[Date "2009.09.13"]
[Round "4"]
[White "Rombaldoni, Denis"]
[Black "Firat, Burak"]
[Result "1-0"]
[WhiteElo "2469"]
[BlackElo "2365"]
[PlyCount "77"]
[EventDate "2009.09.11"]

1. e4 c5 2. Nf3 Nc6 3. d4 cxd4 4. Nxd4 Nf6 5. Nc3 e5 6. Ndb5 d6 7. Nd5 Nxd5 8.
exd5 Nb8 9. c4 Be7 10. Be2 O-O 11. O-O a6 12. Nc3 f5 13. f3 Bg5 14. Kh1 Nd7 15.
b4 a5 16. a3 axb4 17. Bxg5 Qxg5 18. axb4 Rxa1 19. Qxa1 Qe3 20. Qc1 Qb6 21. Nb5
Rf6 22. Qa3 Nf8 23. c5 dxc5 24. bxc5 Qd8 25. Nd6 Rh6 26. Qb4 Qg5 27. Qe1 Bd7
28. f4 exf4 29. Nxb7 Bc8 30. Nd6 Bd7 31. Qf2 Ng6 32. Rb1 Nf8 33. Bf3 Qf6 34.
Nc4 Qc3 35. Nb6 Be8 36. c6 g5 37. Qb2 Qc5 38. Qc1 Qf2 39. Qe1 1-0

[Event "VII C.to del Mediterraneo"]
[Site "Fiume CRO"]
[Date "2009.09.14"]
[Round "5"]
[White "Codenotti, Marco"]
[Black "Galego, Luis"]
[Result "1/2-1/2"]
[WhiteElo "2122"]
[BlackElo "2454"]
[PlyCount "51"]
[EventDate "2009.09.11"]

1. e4 d6 2. d4 c6 3. Nc3 Nd7 4. f4 e5 5. Nf3 Be7 6. Bc4 b5 7. Bb3 b4 8. Ne2
Ngf6 9. Ng3 exf4 10. Bxf4 O-O 11. O-O Nb6 12. c3 a5 13. Bc2 Bg4 14. Qd3 c5 15.
c4 Nh5 16. e5 g6 17. Nxh5 Bxh5 18. Bh6 Re8 19. d5 Bf8 20. Ng5 dxe5 21. Nxf7 e4
22. Qh3 Qd7 23. Bxf8 Qxh3 24. Nh6+ Kh8 25. Nf7+ Kg8 26. Nh6+ 1/2-1/2

[Event "VII C.to del Mediterraneo"]
[Site "Fiume CRO"]
[Date "2009.09.14"]
[Round "5"]
[White "Firat, Burak"]
[Black "Chierici, Marianna"]
[Result "1-0"]
[WhiteElo "2365"]
[BlackElo "2053"]
[PlyCount "63"]
[EventDate "2009.09.11"]

1. e4 c5 2. Nf3 Nc6 3. Nc3 d6 4. d4 cxd4 5. Nxd4 e5 6. Nf5 Bxf5 7. exf5 Qd7 8.
Nd5 Nge7 9. Bc4 Nxf5 10. O-O O-O-O 11. a4 Nfe7 12. a5 Nxd5 13. Bxd5 Nb4 14. a6
Nxa6 15. Be3 Kb8 16. Qe2 f5 17. Rxa6 bxa6 18. Qxa6 f4 19. Bb6 Rc8 20. Ra1 Rc7
21. Ra3 Rb7 22. Bxa7+ Kc8 23. Bxb7+ Kd8 24. Bb6+ Ke7 25. Bc8 Qe8 26. Qb7+ Kf6
27. Bd7 Qf7 28. Bd8+ Be7 29. Bxe7+ Qxe7 30. Bc6 Qe6 31. Bd5 Qe8 32. Ra7 1-0

[Event "VII C.to del Mediterraneo"]
[Site "Fiume CRO"]
[Date "2009.09.14"]
[Round "5"]
[White "Shabanaj, Alda"]
[Black "Tonel, Giulia"]
[Result "1/2-1/2"]
[WhiteElo "1959"]
[BlackElo "1992"]
[PlyCount "99"]
[EventDate "2009.09.11"]

1. d4 Nf6 2. c4 c5 3. d5 g6 4. Nc3 Bg7 5. e4 d6 6. Bd3 Nbd7 7. f4 b5 8. Nxb5
Rb8 9. Nf3 a6 10. Nc3 O-O 11. O-O Ne8 12. Qe2 Qa5 13. Qc2 e6 14. Bd2 Qc7 15.
Rae1 Nb6 16. b3 Bd4+ 17. Nxd4 cxd4 18. Ne2 e5 19. fxe5 dxe5 20. a3 Nd7 21. Bb4
a5 22. Bxf8 Kxf8 23. Rb1 Qd6 24. a4 Nc5 25. Rf2 Qe7 26. Nc1 Kg7 27. Na2 Bd7 28.
Nc1 Nd6 29. Ne2 Qg5 30. Rf3 Qe7 31. Ng3 Rb6 32. h3 h5 33. Kh2 h4 34. Nf1 Qg5
35. Nd2 Kg8 36. Rbf1 Kg7 37. Rf6 Qg3+ 38. Kh1 Qxd3 39. Qc1 Qe3 40. R1f3 Qg5 41.
Qf1 Be8 42. Rf2 Nd7 43. c5 Nxc5 44. Nc4 Nxc4 45. Rxf7+ Bxf7 46. Rxf7+ Kh6 47.
Rh7+ Kxh7 48. Qf7+ Kh6 49. Qf8+ Kh5 50. Qf3+ 1/2-1/2

[Event "VII C.to del Mediterraneo"]
[Site "Fiume CRO"]
[Date "2009.09.14"]
[Round "5"]
[White "Yilmaz, Mustafa"]
[Black "Rombaldoni, Denis"]
[Result "0-1"]
[WhiteElo "2475"]
[BlackElo "2469"]
[PlyCount "80"]
[EventDate "2009.09.11"]

1. e4 c5 2. Nf3 d6 3. d4 cxd4 4. Nxd4 Nf6 5. Nc3 Nc6 6. Bc4 Na5 7. Bb5+ Bd7 8.
Bg5 Bxb5 9. Ndxb5 a6 10. Bxf6 gxf6 11. Nd4 Rc8 12. O-O Nc4 13. Qh5 Qb6 14. Ne6
Qxb2 15. Nd5 Qe5 16. Ndc7+ Kd7 17. Qxf7 Bh6 18. Rad1 Bd2 19. a4 Rhg8 20. g3 h5
21. Rb1 Qxe4 22. Nc5+ dxc5 23. Nd5 Kd6 24. Nxe7 Qxe7 25. Qxc4 Ba5 26. Rfd1+ Kc7
27. Qf4+ Qe5 28. Qf3 b6 29. Rd5 Qe6 30. Rbd1 Rcd8 31. Qf4+ Kc8 32. Qc4 Rxd5 33.
Rxd5 Kb7 34. Qd3 Re8 35. Qh7+ Kc6 36. Rd1 Qg4 37. f3 Qe6 38. Qxh5 Bc3 39. Rd3
Bd4+ 40. Kg2 f5 0-1

[Event "VII C.to del Mediterraneo"]
[Site "Fiume CRO"]
[Date "2009.09.14"]
[Round "6"]
[White "Chierici, Marianna"]
[Black "Dahdal, Lougain"]
[Result "1-0"]
[WhiteElo "2053"]
[BlackElo "1910"]
[PlyCount "75"]
[EventDate "2009.09.11"]

1. e4 e6 2. d3 d5 3. Nd2 Nf6 4. Ngf3 Nc6 5. e5 Nd7 6. d4 Ncb8 7. Bd3 c5 8. c3
Nc6 9. O-O Qb6 10. dxc5 Bxc5 11. Qe2 Qc7 12. Nb3 Be7 13. Bf4 Nf8 14. h3 Ng6 15.
Bh2 Bd7 16. Rae1 Qb6 17. Nfd4 a5 18. Nb5 O-O 19. a4 Na7 20. N3d4 Nxb5 21. Bxb5
Bxb5 22. Nxb5 Bc5 23. Kh1 Rfd8 24. f4 Nh4 25. g4 d4 26. Bg3 d3 27. Qe4 Ng6 28.
f5 Ne7 29. Bh4 d2 30. Rd1 Rd5 31. fxe6 fxe6 32. Qf4 Ng6 33. Qf7+ Kh8 34. Bf6
Rg8 35. Nc7 Rd3 36. Nxe6 Qc6+ 37. Kh2 Qe4 38. Bxg7+ 1-0

[Event "VII C.to del Mediterraneo"]
[Site "Fiume CRO"]
[Date "2009.09.14"]
[Round "6"]
[White "Rombaldoni, Denis"]
[Black "Kapnisis, Spyridon"]
[Result "1/2-1/2"]
[WhiteElo "2469"]
[BlackElo "2516"]
[PlyCount "81"]
[EventDate "2009.09.11"]

1. d4 d5 2. Nf3 Nf6 3. e3 c6 4. Bd3 Bg4 5. b3 e6 6. Nbd2 Nbd7 7. Bb2 Bd6 8. c4
O-O 9. Qc2 Qb8 10. Ng5 h6 11. Nh7 Nxh7 12. Bxh7+ Kh8 13. h3 Bh5 14. Bd3 f5 15.
f4 Qd8 16. Nf3 Bxf3 17. gxf3 Qh4+ 18. Qf2 Qe7 19. c5 Bc7 20. Ke2 b6 21. b4 a5
22. a3 b5 23. Bc3 a4 24. Rag1 Nf6 25. Rg6 Nh5 26. Rhg1 Rae8 27. Kd2 Rf6 28.
R6g2 Rf7 29. Kc2 Kg8 30. Be1 Bd8 31. Qf1 Qd7 32. Bf2 Be7 33. Rg6 Kh8 34. Qg2
Bd8 35. Kc3 Ref8 36. Qf1 Bf6 37. Qe1 Qd8 38. Bc2 Re8 39. Kd2 Kh7 40. Qb1 Qd7
41. R6g2 1/2-1/2

[Event "VII C.to del Mediterraneo"]
[Site "Fiume CRO"]
[Date "2009.09.14"]
[Round "6"]
[White "Tonel, Giulia"]
[Black "Gradiser, Dragoljub"]
[Result "1-0"]
[WhiteElo "1992"]
[BlackElo "2028"]
[PlyCount "71"]
[EventDate "2009.09.11"]

1. e4 c5 2. Nf3 Nc6 3. Bb5 e6 4. O-O Nge7 5. c3 Ng6 6. d4 d5 7. e5 Bd7 8. Ba4
Be7 9. Bc2 cxd4 10. cxd4 Nb4 11. Bb3 Bb5 12. Re1 O-O 13. Nc3 Ba6 14. a3 Nd3 15.
Re3 Nxc1 16. Rxc1 Rc8 17. g3 Bg5 18. Nxg5 Qxg5 19. Kh1 f5 20. exf6 Rxf6 21. f4
Nxf4 22. gxf4 Rxf4 23. Qg1 Qh6 24. Rce1 Rf6 25. Rxe6 Kh8 26. Re8+ Rf8 27. Rxc8
Rxc8 28. Qe3 Qxe3 29. Rxe3 h5 30. Bxd5 Kh7 31. Re5 Kh6 32. Kg2 Rf8 33. Be4 Bf1+
34. Kg3 h4+ 35. Kxh4 Rf2 36. Rh5# 1-0

[Event "VII C.to del Mediterraneo"]
[Site "Fiume CRO"]
[Date "2009.09.15"]
[Round "7"]
[White "Abdel Razik, Khaled"]
[Black "Rombaldoni, Denis"]
[Result "0-1"]
[WhiteElo "2470"]
[BlackElo "2469"]
[PlyCount "60"]
[EventDate "2009.09.11"]

1. d4 d5 2. c4 c6 3. Nf3 Nf6 4. cxd5 cxd5 5. Nc3 Nc6 6. Ne5 e6 7. e3 Nxe5 8.
dxe5 Nd7 9. f4 Bc5 10. Bd3 a6 11. O-O b5 12. Qg4 g6 13. Ne2 Qb6 14. Qg3 b4 15.
Kh1 a5 16. e4 Bb7 17. exd5 Bxd5 18. a3 Rd8 19. axb4 axb4 20. f5 exf5 21. Nf4
Bb7 22. Bc4 O-O 23. e6 Ne5 24. exf7+ Rxf7 25. Bxf7+ Kxf7 26. Qh4 Kg8 27. Ne6
Bxg2+ 28. Kxg2 Qc6+ 29. Kg3 Rd3+ 30. Kf4 Qe4+ 0-1